| 000 | 00884nam a22001697a 4500 | ||
|---|---|---|---|
| 008 | 180417b xxu||||| |||| 00| 0 eng d | ||
| 020 | _a0782123139 | ||
| 050 | _aHF 5548.4.M525 C678 | ||
| 100 | _aCourter, Gini | ||
| 245 |
_aMastering microsoft office 2000 professional edition. / _cGini Courter |
||
| 260 |
_aSan Francisco: _bSybex Inc; _c1999. |
||
| 300 |
_axxxiv, 1164p. : ill. : _c25cm |
||
| 500 | _aIncludes index. | ||
| 505 | _aContents: Introduction: Part I: Working in Office 2000 -- Part II: Creating dazzling document in Word -- Part III: And now, presenting Powerpoint! -- Part IV: Getting organized with outlook -- Part V: Number crunching with Excel -- Part VI: Access for the nonprogrammer -- Part VII: Using the office data analysis tools -- Part VIII: Integration and automation -- Part IX: Publishing with office. | ||
| 700 | _aMarquis, Annette. | ||
| 942 |
_2lcc _cBK |
||
| 999 |
_c6576 _d14076 |
||